000 01477nam a2200385 a 4500
001 ebr10234636
003 CaPaEBR
006 m u
007 cr cn|||||||||
008 080124s2008 enk sb 001 0 eng d
010 _z 2008002418
015 _aGBA878019
_2bnb
016 7 _z014647063
_2Uk
020 _z9780754671213 (alk. paper)
020 _z0754671216 (alk. paper)
020 _z9780754688457
040 _aCaPaEBR
_cCaPaEBR
035 _a(OCoLC)646623467
050 1 4 _aHV5822.H4
_bB84 2008eb
082 0 4 _a363.45
_222
100 1 _aBull, Melissa,
_d1962-
245 1 0 _aGoverning the heroin trade
_h[electronic resource] :
_bfrom treaties to treatment /
_cMelissa Bull.
260 _aAldershot, England ;
_aBurlington, Vt. :
_bAshgate,
_cc2008.
300 _avi, 195 p.
490 1 _aLaw, ethics and governance series
504 _aIncludes bibliographical references (p. [169]-183) and index.
533 _aElectronic reproduction.
_bPalo Alto, Calif. :
_cebrary,
_d2013.
_nAvailable via World Wide Web.
_nAccess may be limited to ebrary affiliated libraries.
650 0 _aHeroin industry
_xHistory.
650 0 _aOpium trade
_xHistory.
650 0 _aDrug control
_xInternational cooperation.
655 7 _aElectronic books.
_2local
710 2 _aebrary, Inc.
830 0 _aLaw, ethics and governance.
856 4 0 _uhttp://site.ebrary.com/lib/rucke/Doc?id=10234636
_zAn electronic book accessible through the World Wide Web; click to view
999 _c38214
_d38214